[Event "Muenster"]
[Site "?"]
[Date "1994.??.??"]
[Round "?"]
[White "Kindermann, S."]
[Black "Unzicker, W."]
[Result "1-0"]
[WhiteElo "2520"]
[BlackElo "2450"]
[PlyCount "77"]
[EventDate "1994.??.??"]
[Source "ChessBase"]
[SourceDate "1994.02.01"]

1. e4 e5 2. Nf3 Nc6 3. Bb5 a6 4. Ba4 Nf6 5. O-O Be7 6. Qe2 b5 7. Bb3 d6 8. c3
O-O 9. d4 exd4 10. cxd4 Bg4 11. Rd1 d5 12. e5 Ne4 13. a4 b4 14. a5 Qd7 15. Be3
f5 16. Qc2 Na7 17. Rc1 Rac8 18. Nbd2 Kh8 19. Nxe4 fxe4 20. Ne1 c5 21. dxc5 d4
22. e6 Qd8 23. Bd2 d3 24. Qc4 Bxc5 25. Qxe4 Bxf2+ 26. Kh1 Bf5 27. Qxb4 Bxe6 28.
Rxc8 Bxc8 29. Nxd3 Nc6 30. Qc3 Ba7 31. Nf4 Nd4 32. Bc4 Bb8 33. Rf1 Nc6 34. Qd3
Bf5 35. Qxd8 Rxd8 36. Bc3 Be5 37. Bxe5 Nxe5 38. Bxa6 Ra8 39. Re1 1-0

[Event "Wch U18"]
[Site "Szeged HUN"]
[Date "1994.??.??"]
[Round "6"]
[White "Kaminski, Marcin"]
[Black "Yemelin, Vasily"]
[Result "1/2-1/2"]
[WhiteElo "2445"]
[BlackElo "2475"]
[PlyCount "66"]
[EventDate "1994.??.??"]
[Source "www.chesslib.no"]
[SourceDate "2004.05.04"]

1. e4 e5 2. Nf3 Nc6 3. Bb5 a6 4. Ba4 Nf6 5. O-O Be7 6. Qe2 b5 7. Bb3 d6 8. c3
O-O 9. d4 Bg4 10. Rd1 Qb8 11. h3 Bh5 12. d5 Na5 13. Bc2 c6 14. dxc6 Qc7 15.
Nbd2 b4 16. Nf1 bxc3 17. Ng3 Qxc6 18. b4 Nc4 19. Bg5 Bg6 20. Nh4 Bd8 21. Nhf5
Bxf5 22. Nxf5 g6 23. Ne3 Nd2 24. Bxf6 Bxf6 25. Nd5 Bg5 26. Bd3 f5 27. Rac1 fxe4
28. Bxe4 Qb5 29. Qxb5 axb5 30. Bd3 Rxa2 31. Rxc3 Nc4 32. Rc2 Rxc2 33. Bxc2 Ra8
1/2-1/2

[Event "ch"]
[Site "Elista ch"]
[Date "1994.??.??"]
[Round "?"]
[White "Varavin, Viktor"]
[Black "Ye Rongguang"]
[Result "1/2-1/2"]
[WhiteElo "2510"]
[BlackElo "2500"]
[PlyCount "88"]
[EventDate "1994.??.??"]
[Source "www.chesslib.no"]
[SourceDate "2004.05.04"]

1. e4 e5 2. Nf3 Nc6 3. Bb5 a6 4. Ba4 Nf6 5. Qe2 Be7 6. O-O b5 7. Bb3 d6 8. a4
Bg4 9. c3 O-O 10. h3 Bh5 11. d3 Na5 12. Bc2 Nd7 13. b4 Nb7 14. g4 Bg6 15. d4 c6
16. Rd1 Qc7 17. axb5 axb5 18. Na3 Nb6 19. Be3 exd4 20. Nxd4 d5 21. e5 Na4 22.
Bd2 Nb2 23. Re1 Bxc2 24. Naxc2 Nc4 25. Rxa8 Rxa8 26. Bf4 Nd8 27. e6 Qxf4 28.
exf7+ Nxf7 29. Qxe7 h5 30. Qb7 Rb8 31. Qxc6 Nce5 32. Qxd5 hxg4 33. hxg4 Nd3 34.
Rf1 Qxg4+ 35. Qg2 Qxg2+ 36. Kxg2 Nf4+ 37. Kh2 Nd6 38. Ne3 Ne4 39. Nd1 Rb6 40.
Nf5 Nd2 41. Rh1 Kf7 42. Nde3 Rg6 43. Nh4 Rh6 44. Rd1 Ne2 1/2-1/2

[Event "Budapest FS10 GM"]
[Site "Budapest"]
[Date "1993.??.??"]
[Round "11"]
[White "Sadler, Matthew"]
[Black "Liss, Eran"]
[Result "1-0"]
[WhiteElo "2535"]
[BlackElo "2405"]
[PlyCount "83"]
[EventDate "1993.10.??"]
[Source "ChessBase"]

1. e4 e5 2. Nf3 Nc6 3. Bb5 a6 4. Ba4 Nf6 5. O-O Be7 6. Qe2 b5 7. Bb3 d6 8. c3
O-O 9. d4 Bg4 10. Rd1 Qc8 11. Be3 Re8 12. Nbd2 Bf8 13. h3 Bh5 14. g4 Bg6 15.
Nh4 exd4 16. cxd4 Bxe4 17. Nxe4 Rxe4 18. Qf3 Na5 19. Bc2 Re8 20. g5 Nd7 21. Be4
c6 22. Rac1 Ra7 23. Bxc6 Nxc6 24. Qxc6 Qxc6 25. Rxc6 Nb8 26. Rc2 d5 27. Rdc1
Rd7 28. Ng2 Rdd8 29. Nf4 g6 30. h4 Be7 31. Rc7 Bd6 32. Nxd5 Bxc7 33. Nf6+ Kf8
34. Nxe8 Bb6 35. Nf6 Kg7 36. Kg2 h5 37. gxh6+ Kf8 38. Kf3 Nd7 39. Nxd7+ Rxd7
40. Rc6 Bd8 41. Rxa6 Bxh4 42. Rb6 1-0

[Event "Alushta3"]
[Site "Alushta"]
[Date "1993.??.??"]
[Round "?"]
[White "Sokolov, Andrei"]
[Black "Savon, Vladimir A"]
[Result "0-1"]
[WhiteElo "2525"]
[BlackElo "2450"]
[PlyCount "86"]
[EventDate "1993.08.??"]
[Source "ChessBase"]

1. e4 e5 2. Nf3 Nc6 3. Bb5 a6 4. Ba4 Nf6 5. O-O Be7 6. Qe2 b5 7. Bb3 d6 8. c3
Na5 9. Bc2 c5 10. d4 Qc7 11. d5 O-O 12. b3 Bd7 13. Ne1 Ne8 14. c4 g6 15. Nd2
Ng7 16. Bb2 Rae8 17. Bd3 Qb6 18. Bc3 b4 19. Bb2 f5 20. exf5 gxf5 21. f4 Bf6 22.
Qf2 Nb7 23. Bc2 Qd8 24. Rb1 Qe7 25. Bd1 Nd8 26. Nc2 Nf7 27. Re1 Qd8 28. Nf1
exf4 29. Bxf6 Qxf6 30. Qxf4 Ne5 31. Re3 Ng6 32. Qf2 Rxe3 33. Qxe3 f4 34. Qd2
Bf5 35. Rc1 Ne5 36. Ne1 Be4 37. Bc2 Bxc2 38. Qxc2 Nf5 39. Qe4 Nd4 40. Rd1 Qg5
41. Nd3 f3 42. g3 Ne2+ 43. Kh1 Nc3 0-1

[Event "Alushta3"]
[Site "Alushta"]
[Date "1993.??.??"]
[Round "?"]
[White "Sokolov, Andrei"]
[Black "Tosic, Miroslav"]
[Result "1-0"]
[WhiteElo "2525"]
[BlackElo "2465"]
[PlyCount "47"]
[EventDate "1993.08.??"]
[Source "ChessBase"]

1. e4 e5 2. Nf3 Nc6 3. Bb5 a6 4. Ba4 Nf6 5. O-O Be7 6. Qe2 b5 7. Bb3 d6 8. c3
O-O 9. d4 Bb7 10. Rd1 Nd7 11. Nbd2 exd4 12. cxd4 Na5 13. Bc2 c5 14. dxc5 dxc5
15. e5 Qb6 16. Ne4 Rfd8 17. Rxd7 Rxd7 18. Nfg5 Rad8 19. h4 h6 20. e6 hxg5 21.
exd7 Qe6 22. Bxg5 Rxd7 23. Re1 Rd4 24. Bxe7 1-0

[Event "Jakarta Interzonal women"]
[Site "Jakarta INA"]
[Date "1993.??.??"]
[Round "?"]
[White "Arakhamia-Grant, Ketevan"]
[Black "Sofieva, Ainur"]
[Result "1-0"]
[WhiteElo "2440"]
[BlackElo "2390"]
[PlyCount "79"]
[EventDate "1993.07.??"]
[Source "www.chesslib.no"]
[SourceDate "2004.05.04"]

1. e4 e5 2. Nf3 Nc6 3. Bb5 a6 4. Ba4 Nf6 5. O-O Be7 6. Qe2 b5 7. Bb3 d6 8. c3
O-O 9. d4 exd4 10. cxd4 Bg4 11. Rd1 Re8 12. Be3 Bf8 13. Nbd2 Qe7 14. Rac1 Na5
15. Bc2 Nc4 16. Nxc4 bxc4 17. h3 Bh5 18. e5 dxe5 19. dxe5 Nd7 20. g4 Bg6 21.
Bg5 Qe6 22. Bf4 Bxc2 23. Qxc2 Nb6 24. Ng5 Qg6 25. Qxg6 hxg6 26. b3 Ba3 27. Rc2
Rad8 28. Rxd8 Rxd8 29. bxc4 Rd4 30. c5 Nd5 31. Bg3 Nb4 32. Rc3 Bb2 33. Rf3 Rd1+
34. Kg2 Nd3 35. Rxf7 Bc1 36. f4 Rd2+ 37. Kf3 Nxc5 38. Rxc7 Rd3+ 39. Ke2 Nd7 40.
Kxd3 1-0

[Event "Zillertal Open"]
[Site "Zillertal"]
[Date "1993.??.??"]
[Round "?"]
[White "Gofshtein, Zeev-Alon"]
[Black "Vucic, Mladen"]
[Result "1/2-1/2"]
[WhiteElo "2560"]
[BlackElo "2385"]
[PlyCount "207"]
[EventDate "1993.06.??"]
[Source "www.chesslib.no"]
[SourceDate "2004.05.04"]

1. e4 e5 2. Nf3 Nc6 3. Bb5 a6 4. Ba4 Nf6 5. Qe2 b5 6. Bb3 Be7 7. O-O d6 8. c3
Bg4 9. h3 Bh5 10. d3 O-O 11. Nbd2 Na5 12. Bc2 c5 13. Re1 Nc6 14. Nf1 Bxf3 15.
Qxf3 Ne8 16. Ne3 Bg5 17. a4 b4 18. Qg4 Rb8 19. g3 Bxe3 20. Bxe3 Qa5 21. Bd2
bxc3 22. bxc3 Nd4 23. Qd1 Nxc2 24. Qxc2 Qc7 25. Qa2 Nf6 26. Bg5 Nd7 27. Rac1 h6
28. Be3 Nf6 29. Qc4 Qd7 30. Kg2 Qe6 31. Qxe6 fxe6 32. Rb1 Rfc8 33. Kf3 Kf7 34.
Ke2 Nd7 35. d4 cxd4 36. cxd4 exd4 37. Bxd4 e5 38. Be3 Rxb1 39. Rxb1 Rc4 40. a5
Ra4 41. Rb7 Ke6 42. f4 exf4 43. gxf4 Rxe4 44. Ra7 Nf6 45. Kf3 Ra4 46. Rxg7 Rxa5
47. Rg6 Ra3 48. Rxh6 Kf5 49. Ke2 a5 50. Bc1 Rb3 51. Rh8 Rb1 52. Kd1 a4 53. Rf8
Rb4 54. Bd2 Rc4 55. Ke2 Ke6 56. Kd3 d5 57. h4 Nd7 58. Re8+ Kf7 59. Ra8 Nc5+ 60.
Ke2 Nb3 61. Be1 Re4+ 62. Kd1 Rxf4 63. h5 Rd4+ 64. Kc2 Rc4+ 65. Kb2 Re4 66. Bc3
Rh4 67. h6 Rxh6 68. Rxa4 Nc5 69. Ra5 Rb6+ 70. Ka2 Rc6 71. Bd4 Nd3 72. Rb5 Rc8
73. Rb6 Rc4 74. Bh8 Ne5 75. Kb3 Nc6 76. Bc3 Ke6 77. Ra6 Kf5 78. Ra4 Rc5 79. Rh4
Rb5+ 80. Kc2 Ke6 81. Rg4 Ne5 82. Rf4 Nc6 83. Rh4 Kd6 84. Rg4 Kc5 85. Rh4 Rb7
86. Kd3 Rf7 87. Rh3 Rf5 88. Rg3 d4 89. Bd2 Kd5 90. Rg5 Ne5+ 91. Ke2 Rf7 92. Rh5
Rf8 93. Be1 d3+ 94. Kd2 Rf3 95. Kc3 Ke6 96. Bd2 Kd5 97. Rh4 Ke6 98. Re4 Kf5 99.
Rd4 Rf1 100. Rh4 Nf3 101. Ra4 Nxd2 102. Kxd2 Rf3 103. Rd4 Rf2+ 104. Kxd3
1/2-1/2

[Event "Bilbao m"]
[Site "Bilbao"]
[Date "1993.??.??"]
[Round "3"]
[White "Ochoa de Echaguen, F Javier"]
[Black "Gomez Esteban, Juan Mario"]
[Result "0-1"]
[WhiteElo "2415"]
[BlackElo "2410"]
[PlyCount "74"]
[EventDate "1993.??.??"]
[Source "ChessBase"]

1. e4 e5 2. Nf3 Nc6 3. Bb5 a6 4. Ba4 Nf6 5. O-O Be7 6. Qe2 b5 7. Bb3 d6 8. c3
Na5 9. Bc2 c5 10. d4 Qc7 11. d5 O-O 12. h3 c4 13. Nh2 Nb7 14. f4 exf4 15. Bxf4
Nc5 16. Nd2 Nfd7 17. Ndf3 Ne5 18. Be3 Ncd3 19. Nxe5 Nxe5 20. Nf3 Bf6 21. Nd4
Qe7 22. Kh1 Bd7 23. Bg1 g6 24. a4 Bg7 25. axb5 axb5 26. Qe3 Rfb8 27. Ne2 Be8
28. Qd2 Qh4 29. Ba7 Rc8 30. Qe1 Qxe1 31. Rfxe1 Nd3 32. Bxd3 cxd3 33. Nf4 d2 34.
Red1 b4 35. Ne2 Bb5 36. Rxd2 Bxe2 37. Rxe2 Rc7 0-1

[Event "Matanzas II"]
[Site "?"]
[Date "1993.??.??"]
[Round "?"]
[White "Diaz, J.C."]
[Black "Rodriguez, Am"]
[Result "0-1"]
[WhiteElo "2445"]
[BlackElo "2480"]
[PlyCount "68"]
[EventDate "1993.??.??"]
[Source "ChessBase"]
[SourceDate "1993.06.01"]

1. e4 e5 2. Nf3 Nc6 3. Bb5 a6 4. Ba4 Nf6 5. O-O Be7 6. Qe2 b5 7. Bb3 d6 8. c3
O-O 9. d4 Bg4 10. Rd1 exd4 11. cxd4 d5 12. e5 Ne4 13. Nc3 Nxc3 14. bxc3 Qd7 15.
h3 Bf5 16. Bg5 Bxg5 17. Nxg5 Nd8 18. a4 h6 19. Nf3 Ne6 20. Qe3 Bh7 21. Nh2 c6
22. Rd2 Rad8 23. axb5 axb5 24. f4 f6 25. exf6 Rxf6 26. Ng4 Rxf4 27. Re1 Be4 28.
Qg3 Qc7 29. Kh2 h5 30. Rxe4 h4 31. Qxf4 Nxf4 32. Ne5 g5 33. Rf2 b4 34. c4 dxe4
0-1

[Event "Rishon Le Ziyyon"]
[Site "Rishon Le Ziyyon"]
[Date "1993.??.??"]
[Round "4"]
[White "Votava, Jan"]
[Black "Liss, Eran"]
[Result "1/2-1/2"]
[WhiteElo "2425"]
[BlackElo "2405"]
[PlyCount "83"]
[EventDate "1993.??.??"]
[Source "www.chesslib.no"]
[SourceDate "2004.05.04"]

1. e4 e5 2. Nf3 Nc6 3. Bb5 a6 4. Ba4 Nf6 5. O-O Be7 6. Qe2 b5 7. Bb3 d6 8. c3
O-O 9. d4 Re8 10. dxe5 Nxe5 11. Nxe5 dxe5 12. Rd1 Bd7 13. a4 c6 14. Nd2 Qc7 15.
Nf1 Rad8 16. h3 Bc8 17. Rxd8 Rxd8 18. Ng3 g6 19. Bh6 Bf8 20. Bg5 Be7 21. Qe3
Ne8 22. axb5 cxb5 23. Bd5 Nf6 24. Bxf6 Bxf6 25. Qf3 Bg5 26. Nf1 Rd6 27. Ne3 Rf6
28. Qe2 Qc5 29. Re1 Kg7 30. Bb3 Rd6 31. Nd5 Be6 32. Ba2 h5 33. Rd1 Rd7 34. b4
Qc6 35. Rd3 Bxd5 36. Bxd5 Qb6 37. Qa2 Ra7 38. Rf3 f6 39. g3 a5 40. bxa5 Qxa5
41. Qxa5 Rxa5 42. h4 1/2-1/2

[Event "Parthenay Open"]
[Site "Parthenay FRA"]
[Date "1992.??.??"]
[Round "3"]
[White "Lane, Gary W"]
[Black "Solozhenkin, Evgeniy"]
[Result "0-1"]
[WhiteElo "2420"]
[BlackElo "2450"]
[PlyCount "90"]
[EventDate "1992.07.??"]
[Source "www.chesslib.no"]
[SourceDate "2004.05.04"]

1. e4 e5 2. Nf3 Nc6 3. Bb5 a6 4. Ba4 Nf6 5. O-O Be7 6. Qe2 b5 7. Bb3 d6 8. a4
Bd7 9. c3 Na5 10. Bc2 c5 11. d4 Qb8 12. Rd1 O-O 13. Nbd2 cxd4 14. cxd4 Rc8 15.
Nb3 Nc6 16. a5 Qc7 17. Bb1 Bg4 18. d5 Nb4 19. h3 Bh5 20. g4 Bg6 21. Ne1 Qc4 22.
Qxc4 bxc4 23. Nd2 Rab8 24. Ng2 Nd3 25. Bxd3 cxd3 26. f3 Nd7 27. Rb1 Nc5 28. Ne3
Na4 29. Nec4 f6 30. Ra1 Be8 31. Kg2 Bb5 32. Na3 Be8 33. Ndc4 Rb4 34. Rd2 Nc5
35. Nb6 Rc7 36. Rb1 Nb3 37. Rd1 Nxc1 38. Rdxc1 Rxc1 39. Rxc1 Rxb2+ 40. Kf1 Ra2
41. Nac4 Bb5 42. Ke1 f5 43. exf5 Bh4+ 44. Kd1 Bg5 45. Rb1 Rh2 0-1

[Event "Asuncion"]
[Site "Asuncion PAR"]
[Date "1992.??.??"]
[Round "9"]
[White "Morovic Fernandez, Ivan E"]
[Black "Brito Garcia, Alfredo"]
[Result "1-0"]
[WhiteElo "2565"]
[BlackElo "2400"]
[PlyCount "53"]
[EventDate "1992.04.??"]
[Source "www.chesslib.no"]
[SourceDate "2004.05.04"]

1. e4 e5 2. Nf3 Nc6 3. Bb5 a6 4. Ba4 Nf6 5. O-O Be7 6. Qe2 b5 7. Bb3 d6 8. c3
O-O 9. d4 Bg4 10. Rd1 exd4 11. cxd4 d5 12. e5 Ne4 13. a4 Na5 14. Bc2 Qd7 15.
axb5 Qxb5 16. Bd3 Qb6 17. Nc3 Nxc3 18. bxc3 Nb3 19. Ba3 Bxa3 20. Rxa3 c5 21.
Bxh7+ Kxh7 22. Ng5+ Kg8 23. Qxg4 c4 24. f4 Qh6 25. Re1 Rab8 26. e6 f5 27. Qf3
1-0

[Event "Matanzas"]
[Site "?"]
[Date "1992.??.??"]
[Round "?"]
[White "Rodriguez, Am"]
[Black "Sisniega, M."]
[Result "1/2-1/2"]
[WhiteElo "2495"]
[BlackElo "2525"]
[PlyCount "86"]
[EventDate "1992.??.??"]
[Source "ChessBase"]
[SourceDate "1992.02.01"]

1. e4 e5 2. Nf3 Nc6 3. Bb5 a6 4. Ba4 Nf6 5. O-O Be7 6. Qe2 b5 7. Bb3 d6 8. c3
O-O 9. d4 Bg4 10. Rd1 exd4 11. cxd4 d5 12. e5 Ne4 13. Nc3 Nxc3 14. bxc3 Qd7 15.
h3 Bf5 16. g4 Bg6 17. Ne1 Na5 18. f4 Nxb3 19. axb3 Be4 20. Nd3 f5 21. Nf2 a5
22. Nxe4 fxe4 23. Be3 Qc6 24. Rdc1 Qb6 25. Qf2 a4 26. b4 Qh6 27. Kh2 Bg5 28.
Rf1 Rxf4 29. Bxf4 Rf8 30. Kg2 Bxf4 31. Ra2 c6 32. Qe1 e3 33. Re2 Qg6 34. Qb1
Qg5 35. Ra2 h5 36. Qd1 Qh4 37. Qe1 Qg5 38. Qd1 Qh4 39. Qe1 Qe7 40. Qd1 Qg5 41.
Qe2 Qg6 42. Qc2 Qh6 43. Qe2 Qg6 1/2-1/2

[Event "NOR Ch"]
[Site "Norway"]
[Date "1992.??.??"]
[Round "8"]
[White "Djurhuus, Rune"]
[Black "Gausel, Einar"]
[Result "0-1"]
[WhiteElo "2420"]
[BlackElo "2445"]
[PlyCount "58"]
[EventDate "1992.??.??"]
[Source "www.chesslib.no"]
[SourceDate "2004.05.04"]

1. e4 e5 2. Nf3 Nc6 3. Bb5 a6 4. Ba4 Nf6 5. O-O Be7 6. Qe2 b5 7. Bb3 d6 8. c3
O-O 9. Rd1 Na5 10. Bc2 c5 11. d4 Qc7 12. Bg5 Bg4 13. d5 Nh5 14. Bc1 Nf4 15.
Bxf4 exf4 16. e5 g6 17. exd6 Bxd6 18. Nbd2 Rae8 19. Qf1 Bxf3 20. Nxf3 Nc4 21.
Rab1 Ne5 22. Nxe5 Rxe5 23. a4 Rb8 24. axb5 axb5 25. Bd3 f3 26. g3 c4 27. Bc2
Re2 28. Rbc1 Bc5 29. Kh1 Qd7 0-1

[Event "Kerteminde"]
[Site "Kerteminde"]
[Date "1991.??.??"]
[Round "8"]
[White "Mortensen, Erling"]
[Black "Schandorff, Lars"]
[Result "1-0"]
[WhiteElo "2450"]
[BlackElo "2425"]
[PlyCount "97"]
[EventDate "1991.02.??"]
[Source "ChessBase"]

1. e4 e5 2. Nf3 Nc6 3. Bb5 a6 4. Ba4 Nf6 5. O-O Be7 6. Qe2 b5 7. Bb3 d6 8. c3
O-O 9. d4 Bg4 10. Rd1 exd4 11. cxd4 d5 12. e5 Ne4 13. a4 b4 14. a5 Qd7 15. Be3
f5 16. Qc2 Nd8 17. Rc1 Rc8 18. Ne1 Kh8 19. Ba4 Qe6 20. Nd3 g5 21. f3 f4 22. Bf2
Nxf2 23. Qxf2 Bf5 24. Nc5 Bxc5 25. Rxc5 c6 26. Nd2 Nb7 27. Rcc1 Bd3 28. Bc2 Bb5
29. Nb3 Rf7 30. h3 c5 31. dxc5 Qxe5 32. Nd4 Nxc5 33. Nxb5 axb5 34. Bf5 Rxf5 35.
Rxc5 Rxc5 36. Qxc5 Qxb2 37. Re1 Rf7 38. Qxd5 Qf6 39. Re6 Qa1+ 40. Kh2 Rf8 41.
a6 Qg7 42. Rb6 g4 43. hxg4 b3 44. Qxb3 Qe7 45. Qc3+ Kg8 46. Rxb5 Rd8 47. g5 Qe8
48. Qc4+ Kh8 49. Qxf4 1-0

[Event "URS-qual U18"]
[Site "Sochi RUS"]
[Date "1990.??.??"]
[Round "?"]
[White "Tiviakov, Sergei"]
[Black "Frolov, Artur"]
[Result "1-0"]
[WhiteElo "2490"]
[BlackElo "2485"]
[PlyCount "69"]
[EventDate "1990.??.??"]
[Source "www.chesslib.no"]
[SourceDate "2004.05.04"]

1. e4 e5 2. Nf3 Nc6 3. Bb5 a6 4. Ba4 Nf6 5. O-O Be7 6. Qe2 b5 7. Bb3 d6 8. a4
Bd7 9. c3 Na5 10. Bc2 c5 11. axb5 axb5 12. d4 Qb8 13. Rd1 O-O 14. Bg5 Rd8 15.
Nbd2 Kf8 16. Nf1 Ng8 17. Ne3 h6 18. Bxe7+ Nxe7 19. dxe5 dxe5 20. b4 cxb4 21.
cxb4 Nac6 22. Rxa8 Qxa8 23. Qxb5 f6 24. Qc4 Be8 25. Rxd8 Nxd8 26. h3 Qa3 27.
Nd5 Ndc6 28. Qc5 Kf7 29. Nxe7 Nxe7 30. Qc4+ Kf8 31. Bb3 Qb2 32. g3 Bg6 33. Kg2
Ke8 34. Qb5+ Kd8 35. Be6 1-0

[Event "Frunze Open"]
[Site "Frunze KGZ"]
[Date "1989.??.??"]
[Round "?"]
[White "Tiviakov, Sergei"]
[Black "Graf, Alexander"]
[Result "0-1"]
[WhiteElo "2480"]
[BlackElo "2435"]
[PlyCount "87"]
[EventDate "1989.08.??"]
[Source "www.chesslib.no"]
[SourceDate "2004.05.04"]

1. e4 e5 2. Nf3 Nc6 3. Bb5 a6 4. Ba4 Nf6 5. O-O Be7 6. Qe2 b5 7. Bb3 d6 8. c3
O-O 9. h3 Be6 10. Bxe6 fxe6 11. d4 Qe8 12. a4 Rb8 13. axb5 axb5 14. dxe5 Nxe5
15. Nd4 Qd7 16. f4 Nc6 17. Nxb5 Nxe4 18. Qxe4 Rxb5 19. Re1 Nd8 20. Na3 Ra5 21.
b4 d5 22. Qe2 Ra8 23. Be3 Bd6 24. Qd2 Qf7 25. Nb5 Nb7 26. Rf1 Qd7 27. Rxa8 Rxa8
28. Qd3 Bf8 29. Nd4 c5 30. bxc5 Nxc5 31. Qb5 Qxb5 32. Nxb5 Ra2 33. f5 Re2 34.
Bf2 e5 35. Re1 Rb2 36. Nc7 Nd3 37. Rd1 Nxf2 38. Rxd5 Ne4 39. Ne6 Bd6 40. c4 Rc2
41. Ra5 Rxc4 42. Ra8+ Kf7 43. Ra7+ Kf6 44. Nxg7 0-1

[Event "GMA-Open"]
[Site "Belgrade SCG"]
[Date "1988.??.??"]
[Round "?"]
[White "Velickovic, Sasa"]
[Black "Mokry, Karel"]
[Result "1/2-1/2"]
[WhiteElo "2415"]
[BlackElo "2460"]
[PlyCount "52"]
[EventDate "1988.12.??"]
[Source "www.chesslib.no"]
[SourceDate "2004.05.04"]

1. e4 e5 2. Nf3 Nc6 3. Bb5 a6 4. Ba4 Nf6 5. Qe2 Be7 6. O-O b5 7. Bb3 d6 8. c3
Bg4 9. Rd1 Na5 10. Bc2 c5 11. h3 Bd7 12. d4 Qc7 13. dxe5 dxe5 14. Nbd2 O-O 15.
Nf1 Rfe8 16. Ne3 Bf8 17. Nh2 Rad8 18. a4 bxa4 19. Bxa4 Bxa4 20. Rxa4 Nb3 21.
Nhg4 Nxg4 22. Qxg4 Qc6 23. Ra2 Rxd1+ 24. Qxd1 Nxc1 25. Qxc1 Qxe4 26. Rxa6 Qb7
1/2-1/2

[Event "URS-FL56"]
[Site "Klaipeda"]
[Date "1988.??.??"]
[Round "?"]
[White "Balashov, Yuri S"]
[Black "Magerramov, Elmar"]
[Result "1/2-1/2"]
[WhiteElo "2540"]
[BlackElo "2430"]
[PlyCount "39"]
[EventDate "1988.11.??"]
[Source "ChessBase"]

1. e4 e5 2. Nf3 Nc6 3. Bb5 a6 4. Ba4 Nf6 5. O-O Be7 6. Qe2 b5 7. Bb3 d6 8. c3
O-O 9. Rd1 Na5 10. Bc2 c5 11. d4 Qc7 12. Bg5 h6 13. Bxf6 Bxf6 14. dxc5 dxc5 15.
Nbd2 Be6 16. Nf1 Rfd8 17. b3 Rxd1 18. Rxd1 Rd8 19. Ne3 c4 20. b4 1/2-1/2

[Event "Zug"]
[Site "Zug"]
[Date "1987.??.??"]
[Round "8"]
[White "Cuijpers, Frans A"]
[Black "Brunner, Lucas"]
[Result "1/2-1/2"]
[WhiteElo "2410"]
[BlackElo "2440"]
[PlyCount "82"]
[EventDate "1987.??.??"]
[Source "www.chesslib.no"]
[SourceDate "2004.05.04"]

1. e4 e5 2. Nf3 Nc6 3. Bb5 a6 4. Ba4 Nf6 5. Qe2 Be7 6. O-O b5 7. Bb3 d6 8. c3
O-O 9. Rd1 Na5 10. Bc2 c5 11. d4 Qc7 12. Bg5 h6 13. Bh4 Bg4 14. dxe5 dxe5 15.
Nbd2 Nh5 16. Bg3 Nxg3 17. hxg3 Be6 18. Nf1 Nc4 19. Bb3 Qb7 20. Bxc4 Bxc4 21.
Qc2 f6 22. Ne3 Be6 23. Nd5 c4 24. Nxe7+ Qxe7 25. Nh4 Rfd8 26. Rxd8+ Rxd8 27.
Rd1 Rd7 28. Nf3 Qd8 29. Rxd7 Qxd7 30. Qd2 Kf7 31. Qxd7+ Bxd7 32. Nd2 Bc6 33. f3
h5 34. Kf2 Ke6 35. Nf1 f5 36. exf5+ Kxf5 37. Ne3+ Kf6 38. Nf1 g5 39. Ne3 Ke6
40. Ke2 Kf6 41. Kf2 Ke6 1/2-1/2

[Event "Thessaloniki ol (Men)"]
[Site "Thessaloniki GRE"]
[Date "1984.11.22"]
[Round "4"]
[White "Marjanovic, Slavoljub"]
[Black "Shvidler, Eliahu"]
[Result "1/2-1/2"]
[WhiteElo "2515"]
[BlackElo "2445"]
[PlyCount "64"]
[EventDate "1984.11.19"]
[Source "www.chesslib.no"]
[SourceDate "2004.05.04"]

1. e4 e5 2. Nf3 Nc6 3. Bb5 a6 4. Ba4 Nf6 5. O-O Be7 6. Qe2 b5 7. Bb3 d6 8. c3
O-O 9. h3 Na5 10. Bc2 c5 11. d4 Qc7 12. d5 Bd7 13. Kh1 c4 14. Rg1 Nb7 15. g4
Nc5 16. Nbd2 Qb7 17. Nf1 Nfxe4 18. Bxe4 Nxe4 19. Qxe4 f5 20. Qe2 fxg4 21. hxg4
Qxd5 22. N1h2 Bc6 23. Rg3 Rf7 24. Kg2 Raf8 25. Be3 Qe6 26. Kf1 Be4 27. Qd1 d5
28. Kg1 b4 29. g5 Rd8 30. Qd2 Rdf8 31. Qd1 Rd8 32. Qd2 Rdf8 1/2-1/2

[Event "Beersheba"]
[Site "Beersheba"]
[Date "1984.??.??"]
[Round "6"]
[White "Unzicker, Wolfgang"]
[Black "Greenfeld, Alon"]
[Result "1-0"]
[WhiteElo "2455"]
[BlackElo "2470"]
[PlyCount "80"]
[EventDate "1984.02.??"]
[Source "ChessBase"]

1. e4 e5 2. Nf3 Nc6 3. Bb5 a6 4. Ba4 Nf6 5. O-O Be7 6. Qe2 b5 7. Bb3 d6 8. a4
Bg4 9. c3 O-O 10. h3 Na5 11. Bc2 Be6 12. axb5 axb5 13. d4 Bc4 14. Bd3 Bxd3 15.
Qxd3 Nc4 16. Rxa8 Qxa8 17. b3 Qa2 18. bxc4 bxc4 19. Qe3 Qxb1 20. dxe5 Nxe4 21.
Re1 Nc5 22. Ba3 Qf5 23. Bxc5 dxc5 24. Qe4 Qxe4 25. Rxe4 Rd8 26. Rxc4 Rd1+ 27.
Kh2 Rd3 28. Kg3 f5 29. Kf4 g6 30. g4 Kf7 31. Ng5+ Bxg5+ 32. Kxg5 Ke6 33. Rxc5
Rxh3 34. gxf5+ gxf5 35. f4 Rg3+ 36. Kh6 Rg4 37. Rc4 c5 38. Kxh7 Kd5 39. Ra4 Rg3
40. Ra1 Rg4 1-0

[Event "Lone Pine"]
[Site "Lone Pine"]
[Date "1977.??.??"]
[Round "9"]
[White "Fedorowicz, John P"]
[Black "Frey, Kenneth"]
[Result "1/2-1/2"]
[WhiteElo "2440"]
[BlackElo "2390"]
[PlyCount "20"]
[EventDate "1977.03.??"]
[Source "ChessBase"]

1. e4 e5 2. Nf3 Nc6 3. Bb5 a6 4. Ba4 Nf6 5. Qe2 Be7 6. O-O b5 7. Bb3 d6 8. a4
Bg4 9. c3 O-O 10. d3 Na5 1/2-1/2

[Event "Budapest 6th"]
[Site "Budapest HUN"]
[Date "1973.05.02"]
[Round "1"]
[White "Dely, Peter"]
[Black "Kluger, Gyula"]
[Result "1-0"]
[WhiteElo "2480"]
[BlackElo "2380"]
[PlyCount "45"]
[EventDate "1973.05.02"]
[Source "www.chesslib.no"]
[SourceDate "2004.05.04"]

1. e4 e5 2. Nf3 Nc6 3. Bb5 a6 4. Ba4 Nf6 5. O-O Be7 6. Qe2 b5 7. Bb3 d6 8. a4
Bg4 9. c3 O-O 10. h3 Na5 11. Bxf7+ Rxf7 12. hxg4 Nxg4 13. axb5 axb5 14. Qxb5
Bh4 15. Qd5 Kf8 16. d4 c6 17. Qe6 h5 18. Qg6 Bxf2+ 19. Rxf2 Nxf2 20. Ng5 Qe8
21. Qxf7+ Qxf7 22. Nxf7 Nd3 23. b4 1-0